[Event "Titled Tue 20th May Early"]
[Site "chess.com INT"]
[Date "2025.05.20"]
[Round "7"]
[White "Yelisieiev, Yevhenii"]
[Black "Ibarra Jerez, Jose Carlos"]
[Result "1-0"]
[WhiteTitle "IM"]
[BlackTitle "GM"]
[WhiteElo "2412"]
[BlackElo "2545"]
[WhiteFideId "14139642"]
[BlackFideId "2226332"]
[EventDate "2025.05.20"]

1. d4 Nf6 2. Nf3 g6 3. g3 d6 4. Bg2 Bg7 5. O-O O-O 6. b3 b5 7. Ne1 c6 8. a4 b4
9. a5 d5 10. Nd3 Na6 11. Bb2 Rb8 12. Nd2 Rb5 13. Nf3 Rxa5 14. Nfe5 Rxa1 15. Qxa1
Qb6 16. Qa4 Bb7 17. Ra1 Rc8 18. e3 Rc7 19. Bf1 Bc8 20. Nf4 Nb8 21. Nfd3 Nbd7 22.
Nxd7 Nxd7 23. Qxb4 c5 24. Qxb6 axb6 25. dxc5 bxc5 26. Bxg7 Kxg7 27. Ra5 e6 28.
c4 dxc4 29. bxc4 Kf6 30. f4 Ke7 31. Kf2 Bb7 32. Ra7 Kd6 33. Bg2 Bxg2 34. Rxc7
Kxc7 35. Kxg2 Kd6 36. Kf3 Nb6 37. Nb2 e5 38. g4 f6 39. h4 Ke6 40. g5 f5 41. Ke2
e4 42. Kd2 Kd6 43. Kc3 Nd7 44. Na4 Kc6 45. Nb2 Nb6 46. Kb3 Nc8 47. Na4 Nd6 48.
Nc3 Nb7 49. Nd5 Na5+ 50. Kc3 Kd6 51. Nf6 Nc6 52. Nxh7 Ke6 53. Nf8+ Kf7 54. Nd7
Nb4 55. Nxc5 Na2+ 56. Kb2 Nb4 57. Kb3 Nc6 58. Na6 Ke6 59. Nb4 Na5+ 60. Kc3 Kd6
61. Na6 Nc6 62. Nb4 Na5 63. Nd5 Kc5 64. Ne7 Nxc4 65. Nxg6 Nxe3 66. h5 Nd5+ 67.
Kd2 Kd4 68. h6 e3+ 69. Ke1 Kd3 70. Ne5+ Ke4 71. h7 Nxf4 72. h8=Q Ng2+ 73. Kf1
Nf4 74. Nc4 Kf3 75. Qh1+ Kg4 76. Nxe3+ Kxg5 77. Qg1+ Kf6 78. Qh2 Ne6 79. Qd6 f4
80. Nd5+ Kf5 81. Nc7 Ng5 82. Qd5+ Kg4 83. Ne6 Nf3 84. Qc6 Kg3 85. Nc5 Nh2+ 86.
Ke1 Nf3+ 87. Kd1 Nh2 88. Ne4+ Kg4 89. Nf2+ Kg3 90. Nd3 f3 91. Qc5 Ng4 92. Qg1+
Kh4 93. Kc2 Kh3 94. Nf2+ 1-0

[Event "Titled Tue 20th May Early"]
[Site "chess.com INT"]
[Date "2025.05.20"]
[Round "7"]
[White "Shuvalova, Polina"]
[Black "Karttunen, Mika"]
[Result "1/2-1/2"]
[WhiteTitle "IM"]
[BlackTitle "IM"]
[WhiteElo "2494"]
[BlackElo "2490"]
[WhiteFideId "24171760"]
[BlackFideId "502081"]
[EventDate "2025.05.20"]

1. Nf3 Nf6 2. g3 g6 3. Bg2 Bg7 4. O-O O-O 5. d4 d6 6. Re1 d5 7. c4 c6 8. Nc3 Bf5
9. cxd5 cxd5 10. Qb3 Nc6 11. Qxb7 Qc8 12. Qxc8 Rfxc8 13. Bg5 e6 14. Rac1 Ne8 15.
Red1 h6 16. Bf4 g5 17. Be3 Nd6 18. b3 Rc7 19. h3 Nb4 20. g4 Bg6 21. Bd2 Rac8 22.
Ne5 Bc2 23. Re1 Rxc3 24. Bxc3 Rxc3 25. a3 Na2 26. Ra1 Bxb3 27. Reb1 Bxe5 28.
dxe5 Nc4 29. a4 a5 30. e3 Nb4 31. Bf1 Nd2 32. Rc1 Rxc1 33. Rxc1 Nxf1 34. Kxf1
Bxa4 35. Rc5 Bb3 36. Rxa5 Bc4+ 37. Kg2 Nc6 38. Ra8+ Kg7 39. f4 gxf4 40. exf4 d4
41. Kf3 Bd5+ 42. Kf2 Be4 43. Ra4 Bd5 44. Ke2 Bg2 45. Ra3 Nb4 46. Rg3 Be4 47. f5
Nd5 48. f6+ Kg6 49. h4 d3+ 50. Kd2 Nb4 51. Rg1 Nc6 52. Ke3 Bd5 53. Kf4 Bb3 54.
h5+ Kh7 55. Rg2 Bc2 56. g5 hxg5+ 57. Kxg5 Nxe5 58. Kf4 Nc4 59. Rg7+ Kh6 60. Rxf7
d2 61. Rd7 d1=Q 62. Rxd1 Bxd1 63. Ke4 Nd6+ 64. Ke5 Nf7+ 65. Kxe6 Bb3+ 66. Ke7
Kxh5 67. Kf8 Kg6 68. Ke7 Ba2 69. Kd7 Kxf6 70. Kc6 Ke6 71. Kc5 Ke5 72. Kb4 Bd5
73. Kc3 Nd6 74. Kd3 Be4+ 75. Kc3 Kd5 76. Kd2 Kd4 77. Kc1 Kd3 78. Kb2 Kc4 79. Kc1
Bd3 80. Kb2 Nb5 81. Kc1 Kc3 82. Kd1 Bc4 83. Kc1 Nd4 84. Kd1 Kd3 85. Kc1 Ne2+ 86.
Kb2 Be6 87. Kb1 Kc3 88. Ka1 Nd4 89. Kb1 Nc2 90. Kc1 Ba2 91. Kd1 Kd3 92. Kc1 Kc3
93. Kd1 Nd4 94. Kc1 Bc4 95. Kb1 Bf7 96. Ka1 Nc2+ 97. Kb1 Be6 98. Kc1 Ba2 1/2-1/2

[Event "Titled Tue 20th May Early"]
[Site "chess.com INT"]
[Date "2025.05.20"]
[Round "7"]
[White "Popov, Konstantin"]
[Black "Kozak, Antoni"]
[Result "1/2-1/2"]
[WhiteTitle "FM"]
[WhiteElo "2378"]
[BlackElo "2426"]
[WhiteFideId "34137910"]
[BlackFideId "21832030"]
[EventDate "2025.05.20"]

1. e4 c6 2. d4 d6 3. Nf3 Qc7 4. b3 e5 5. dxe5 dxe5 6. Bb2 Nd7 7. Nbd2 Ne7 8. h4
h5 9. a4 Ng6 10. Bc4 Nb6 11. Bd3 a5 12. g3 Bg4 13. Qe2 Bb4 14. c3 Bc5 15. Nf1
Kd8 16. Ne3 Be6 17. Bc2 Ke8 18. O-O f6 19. Nf5 Kf7 20. Rfb1 Nf8 21. b4 axb4 22.
cxb4 Be7 23. a5 Nc4 24. Bb3 Nxb2 25. Qxb2 g6 26. Ne3 Kg7 27. Bxe6 Nxe6 28. Qb3
Nd4 29. Nxd4 exd4 30. Nc2 Qe5 31. Qd3 Rhd8 32. b5 f5 33. exf5 Qxf5 34. Qxf5 gxf5
35. bxc6 bxc6 36. Rb7 Kf8 37. Ne1 d3 38. Nf3 Bf6 39. Rd1 Rxa5 40. Rc7 Rc5 41.
Kf1 Rc2 42. Ne1 Rc3 43. Ng2 c5 44. Nf4 Kg8 45. Ne6 Rd5 46. Nf4 Rd6 47. Rc8+ Kf7
48. Rc7+ Kf8 49. Rc8+ Ke7 50. Nxh5 Bd4 51. Nf4 Kd7 52. Rf8 c4 53. Rxf5 Rc2 54.
Nxd3 cxd3 55. Rxd3 Ke6 56. Rdf3 Rb6 57. R5f4 Ke5 58. Rf8 Rb1+ 59. Kg2 Rcc1 60.
R3f7 Rg1+ 61. Kf3 Rb3+ 62. Kg4 Bxf2 63. Rxf2 Rbxg3+ 64. Kh5 Rg7 65. R2f7 Rxf7
66. Rxf7 Ke6 67. Rf4 Ke7 68. Kh6 Ke6 69. Rf2 Ke7 70. Kh7 Ke6 71. h5 Ke7 72. h6
Ke6 73. Rf8 Ke7 74. Rg8 Rh1 75. Rg5 Kf7 76. Rf5+ Ke7 77. Rg5 Kf7 78. Rg2 Rh3 79.
Rf2+ Ke7 80. Kg6 Rg3+ 81. Kh7 Rh3 82. Rf4 Rh1 83. Rf5 Rg1 84. Rf3 Ke8 85. Rf6
Ke7 86. Rg6 Rf1 87. Kg8 Rf8+ 88. Kh7 Rf1 89. Kh8 Kf7 90. Rg7+ Kf8 91. Rg8+ Kf7
92. h7 Rf2 93. Rg4 Kf8 94. Ra4 Kf7 95. Ra7+ Kf8 96. Rb7 Rf1 97. Rb8+ Kf7 98. Rg8
Rf2 99. Rg7+ Kf8 100. Rg5 Rf1 101. Rf5+ Rxf5 1/2-1/2

[Event "Titled Tue 20th May Early"]
[Site "chess.com INT"]
[Date "2025.05.20"]
[Round "8"]
[White "Nguyen, Quoc Hy"]
[Black "Bukreev, Stanislav"]
[Result "0-1"]
[WhiteTitle "FM"]
[BlackTitle "FM"]
[WhiteElo "2389"]
[BlackElo "2328"]
[WhiteFideId "12410853"]
[BlackFideId "34252347"]
[EventDate "2025.05.20"]

1. d4 e6 2. e4 d5 3. Nc3 Nf6 4. e5 Nfd7 5. f4 c5 6. Nf3 Nc6 7. Be3 a6 8. Qd2 b5
9. g4 h5 10. f5 cxd4 11. Nxd4 Ndxe5 12. fxe6 Nxd4 13. Bxd4 Nf3+ 0-1

[Event "Titled Tue 20th May Early"]
[Site "chess.com INT"]
[Date "2025.05.20"]
[Round "8"]
[White "Nguyen Thien Ngan"]
[Black "Aakash, G"]
[Result "0-1"]
[WhiteTitle "WIM"]
[BlackTitle "FM"]
[WhiteElo "1998"]
[BlackElo "2114"]
[WhiteFideId "12414816"]
[BlackFideId "25644394"]
[EventDate "2025.05.20"]

1. e4 e6 2. d4 d5 3. e5 c5 4. c3 Nc6 5. Nf3 Qb6 6. a3 Bd7 7. b4 cxd4 8. cxd4 Rc8
9. Be3 Nh6 10. Bd3 Nf5 11. Bxf5 exf5 12. O-O Be6 13. Nbd2 a5 14. bxa5 Qxa5 15.
Nb3 Qa6 16. Nc5 Bxc5 17. dxc5 O-O 18. Qb3 d4 0-1

[Event "Titled Tue 20th May Early"]
[Site "chess.com INT"]
[Date "2025.05.20"]
[Round "8"]
[White "Schnaider, Ilan"]
[Black "Ghimoyan, Narek"]
[Result "1-0"]
[WhiteTitle "IM"]
[BlackTitle "CM"]
[WhiteElo "2388"]
[BlackElo "2273"]
[WhiteFideId "169013"]
[BlackFideId "13315412"]
[EventDate "2025.05.20"]

1. e4 e6 2. d4 d5 3. Nc3 Nf6 4. Bg5 Be7 5. e5 Nfd7 6. h4 c5 7. Bxe7 Kxe7 8. Nf3
Nc6 9. Bb5 Qb6 10. Bxc6 bxc6 11. O-O cxd4 12. Nxd4 c5 13. Na4 Qc7 14. Nb5 Qd6
15. exd6+ 1-0

[Event "Titled Tue 20th May Early"]
[Site "chess.com INT"]
[Date "2025.05.20"]
[Round "8"]
[White "Hehir, Michael"]
[Black "Anakok, Deniz"]
[Result "1-0"]
[BlackTitle "CM"]
[WhiteElo "2009"]
[BlackElo "2058"]
[WhiteFideId "2047411"]
[BlackFideId "51603586"]
[EventDate "2025.05.20"]

1. d4 d5 2. c4 c6 3. Nf3 Nf6 4. Nc3 e6 5. e3 Nbd7 6. Be2 Bd6 7. g4 h6 8. Rg1 b6
9. h4 Bb7 10. b3 Qe7 11. Bb2 O-O-O 12. Rc1 Kb8 13. Qd2 Ne4 14. Qc2 f5 15. gxf5
exf5 16. cxd5 cxd5 17. Nb5 Bb4+ 18. Kf1 a6 19. a3 axb5 20. axb4 Qxb4 21. Qc7+
Ka8 22. Ra1+ 1-0

[Event "Titled Tue 20th May Early"]
[Site "chess.com INT"]
[Date "2025.05.20"]
[Round "8"]
[White "Meylan, Andre"]
[Black "Buscar, Michael"]
[Result "0-1"]
[WhiteTitle "CM"]
[WhiteElo "2138"]
[BlackElo "2016"]
[WhiteFideId "1301225"]
[BlackFideId "2603616"]
[EventDate "2025.05.20"]

1. e4 c5 2. Nf3 Nc6 3. d4 cxd4 4. Nxd4 Nf6 5. Nc3 e5 6. Ndb5 h6 7. Nd5 Nxd5 8.
exd5 a6 9. dxc6 axb5 10. cxd7+ Bxd7 11. Be3 Qc7 12. c3 b4 13. cxb4 Bxb4+ 14. Bd2
Bxd2+ 15. Qxd2 Bc6 16. Qb4 Ra4 17. Qc5 Re4+ 18. Kd2 Rd4+ 19. Kc3 b6 20. Qa3
Bxg2+ 21. Kb3 Bd5+ 0-1

[Event "Titled Tue 20th May Early"]
[Site "chess.com INT"]
[Date "2025.05.20"]
[Round "8"]
[White "Aradhya, Garg"]
[Black "Lai, Duc Minh"]
[Result "1-0"]
[WhiteTitle "IM"]
[WhiteElo "2383"]
[BlackElo "2072"]
[WhiteFideId "25006746"]
[BlackFideId "12420387"]
[EventDate "2025.05.20"]

1. d4 f5 2. Nc3 d5 3. Bf4 a6 4. e3 Nf6 5. Bd3 e6 6. Nf3 c5 7. dxc5 Bxc5 8. O-O
Bd6 9. Ne2 Nc6 10. c4 e5 11. cxd5 exf4 12. dxc6 fxe3 13. fxe3 Qb6 14. Nfd4 bxc6
15. Bxf5 Bxf5 16. Nxf5 Bc5 17. Nxg7+ Kf7 18. Nh5 Bxe3+ 19. Kh1 Bg5 20. Nxf6 Bxf6
21. Qd7+ Kg8 22. Qe6+ 1-0

[Event "Titled Tue 20th May Early"]
[Site "chess.com INT"]
[Date "2025.05.20"]
[Round "8"]
[White "Hungaski, Robert"]
[Black "Terlouw, Wouter"]
[Result "1-0"]
[WhiteTitle "GM"]
[BlackTitle "CM"]
[WhiteElo "2477"]
[BlackElo "2227"]
[WhiteFideId "2021030"]
[BlackFideId "1087401"]
[EventDate "2025.05.20"]

1. h3 e5 2. e3 c5 3. d4 cxd4 4. exd4 Qb6 5. dxe5 Bc5 6. Qd2 Nc6 7. Nf3 d6 8. Nc3
dxe5 9. Na4 Qb4 10. Nxc5 Qxc5 11. c3 Nf6 12. Qe3 Qxe3+ 13. Bxe3 Be6 14. Be2 Nd5
15. O-O Nxe3 16. fxe3 O-O-O 17. b3 Rd2 18. Nxd2 1-0

[Event "Titled Tue 20th May Early"]
[Site "chess.com INT"]
[Date "2025.05.20"]
[Round "8"]
[White "Moosavifar, Seyed Abolfazl"]
[Black "Karvatskyi, Oleksii"]
[Result "1-0"]
[WhiteTitle "FM"]
[BlackTitle "CM"]
[WhiteElo "2303"]
[BlackElo "2248"]
[WhiteFideId "42548195"]
[BlackFideId "14191059"]
[EventDate "2025.05.20"]

1. e4 c5 2. Nc3 d6 3. d3 g6 4. Be3 Bg7 5. Qd2 Nc6 6. g3 e6 7. Bg2 Nd4 8. Bxd4
cxd4 9. Nce2 Ne7 10. f4 O-O 11. Nf3 Qb6 12. b3 Nc6 13. O-O f5 14. exf5 exf5 15.
Ng5 h6 16. Bd5+ Kh8 17. Ne6 Bxe6 18. Bxe6 Rfe8 19. Bf7 Kh7 20. Bxe8 Rxe8 21.
Rae1 Re3 22. Kg2 Nb4 23. Ng1 Qc6+ 24. Nf3 Nxc2 25. Rc1 Rxf3 26. Rxf3 Ne3+ 27.
Qxe3 dxe3 28. Rxc6 bxc6 29. Rxe3 1-0

[Event "Titled Tue 20th May Early"]
[Site "chess.com INT"]
[Date "2025.05.20"]
[Round "8"]
[White "Savitha, Shri B"]
[Black "Nakonechnyi, Oleksii"]
[Result "0-1"]
[WhiteTitle "IM"]
[WhiteElo "2298"]
[BlackElo "2224"]
[WhiteFideId "35061887"]
[BlackFideId "34173714"]
[EventDate "2025.05.20"]

1. e4 c5 2. b4 cxb4 3. a3 d5 4. exd5 Qxd5 5. Nf3 e5 6. axb4 Bxb4 7. Na3 Bxa3 8.
Bxa3 Nc6 9. Rb1 a6 10. Bd3 e4 11. Qe2 Nf6 12. Bc4 Qh5 13. O-O b5 14. Bxb5 axb5
15. Rxb5 Ba6 16. Rfb1 Bxb5 17. Rxb5 Qg4 18. Qc4 Qe6 19. Qc3 exf3 20. gxf3 Rc8
21. Rb6 Nd5 0-1

[Event "Titled Tue 20th May Early"]
[Site "chess.com INT"]
[Date "2025.05.20"]
[Round "8"]
[White "Vasilenok, Anton"]
[Black "Dann, Matthias"]
[Result "0-1"]
[WhiteTitle "CM"]
[BlackTitle "IM"]
[WhiteElo "2137"]
[BlackElo "2446"]
[WhiteFideId "34133124"]
[BlackFideId "24638056"]
[EventDate "2025.05.20"]

1. d4 Nf6 2. c4 e6 3. Nf3 Bb4+ 4. Bd2 a5 5. Nc3 d5 6. a3 Be7 7. Bf4 O-O 8. Rc1
c6 9. e3 b6 10. h4 Ba6 11. b3 Bxa3 12. Rb1 Bb4 13. Qd3 Ne4 14. Rc1 Qe7 15. Nd2
Nxc3 16. Rxc3 Bxc3 17. Qxc3 Qb4 18. Qc2 a4 19. bxa4 dxc4 20. Bxc4 Bxc4 21. Qxc4
Qxc4 22. Nxc4 Rxa4 23. Nb2 Ra1+ 24. Nd1 Nd7 25. h5 h6 26. g4 Rfa8 27. f3 Rxd1+ 0-1

[Event "Titled Tue 20th May Early"]
[Site "chess.com INT"]
[Date "2025.05.20"]
[Round "8"]
[White "Kovalevsky, Stanislav"]
[Black "Khodabandeh, Milad"]
[Result "1-0"]
[WhiteTitle "FM"]
[BlackTitle "CM"]
[WhiteElo "2098"]
[BlackElo "1957"]
[WhiteFideId "13508598"]
[BlackFideId "12538620"]
[EventDate "2025.05.20"]

1. b3 e5 2. Bb2 Nc6 3. e3 g6 4. f4 Bg7 5. Nf3 d6 6. Bb5 Bg4 7. fxe5 Bxe5 8. Nxe5
Bxd1 9. Nxc6 bxc6 10. Bxc6+ Kf8 11. Kxd1 f6 12. Rf1 Rb8 13. Nc3 Ne7 14. Rxf6+
Kg7 15. Nd5 Nxd5 16. Rxd6+ Kh6 17. Rxd8 Rbxd8 18. Bxh8 1-0

[Event "Titled Tue 20th May Early"]
[Site "chess.com INT"]
[Date "2025.05.20"]
[Round "8"]
[White "Puzyrevsky, Semyon"]
[Black "Alvarez Leon, Luis"]
[Result "1-0"]
[WhiteTitle "FM"]
[BlackTitle "FM"]
[WhiteElo "2253"]
[BlackElo "2178"]
[WhiteFideId "24240931"]
[BlackFideId "3600351"]
[EventDate "2025.05.20"]

1. e4 c5 2. Nf3 d6 3. d4 cxd4 4. Nxd4 Nf6 5. Nc3 a6 6. f3 e5 7. Nb3 Be6 8. Be3
h5 9. Qd2 Nbd7 10. O-O-O Rc8 11. Kb1 b5 12. h3 h4 13. Bd3 b4 14. Nd5 Bxd5 15.
exd5 a5 16. Bb5 Be7 17. Bg5 Kf8 18. Rhe1 Qb6 19. Bc6 Rh5 20. f4 exf4 21. Bxd7
Rxg5 22. Bxc8 a4 23. Nd4 Nxd5 24. Ka1 Bf6 25. Bd7 g6 26. Bxa4 Rg3 27. Ne2 Nc3
28. Nxg3 Nxa4 29. Qxd6+ Qxd6 30. Rxd6 Bxb2+ 31. Kb1 hxg3 32. Ra6 Bc3 33. Rf1 Nb2
34. Rxf4 Nd1 35. Rxg6 Ne3 36. Rxg3 Nd5 37. Rxc3 bxc3 38. Rd4 Ne3 39. a4 1-0

[Event "Titled Tue 20th May Early"]
[Site "chess.com INT"]
[Date "2025.05.20"]
[Round "8"]
[White "Krishnan, Varun"]
[Black "Bernadskiy, Vitaliy"]
[Result "1-0"]
[WhiteTitle "IM"]
[BlackTitle "GM"]
[WhiteElo "2370"]
[BlackElo "2523"]
[WhiteFideId "5054508"]
[BlackFideId "14100371"]
[EventDate "2025.05.20"]

1. e4 c5 2. Nf3 e6 3. d4 cxd4 4. Nxd4 Nc6 5. Nc3 Qc7 6. Be3 a6 7. Qd2 Nf6 8. f3
Be7 9. O-O-O O-O 10. g4 b5 11. h4 b4 12. Na4 Rb8 13. h5 Nxd4 14. Bxd4 h6 15. g5
hxg5 16. Qxg5 Bd6 17. e5 Qa5 18. h6 Ne8 19. hxg7 1-0

[Event "Titled Tue 20th May Early"]
[Site "chess.com INT"]
[Date "2025.05.20"]
[Round "8"]
[White "Newansa, M Esandi"]
[Black "Murawski, Jan"]
[Result "0-1"]
[WhiteTitle "WCM"]
[BlackTitle "CM"]
[WhiteElo "1947"]
[BlackElo "2191"]
[WhiteFideId "9999060"]
[BlackFideId "21009287"]
[EventDate "2025.05.20"]

1. d4 Nf6 2. Bf4 c6 3. c3 Qb6 4. Qb3 d5 5. Nd2 Bf5 6. e3 e6 7. Ngf3 Be7 8. Be2
O-O 9. O-O Nbd7 10. h3 c5 11. dxc5 Nxc5 12. Qxb6 axb6 13. Nb3 Rfc8 14. Nfd4 Bd3
15. Bg3 Nfe4 16. Bh2 Bxe2 17. Nxe2 Nxb3 18. axb3 Nd2 19. Rfd1 Nxb3 20. Rxa8 Rxa8
21. Bc7 b5 22. Nd4 Nxd4 23. cxd4 Rc8 24. Ba5 Rc2 25. Rb1 b4 26. g3 b3 27. Bc3 b5
28. Ra1 h5 29. Ra7 b4 30. Be1 Rxb2 31. Rxe7 Rb1 32. Kf1 b2 33. Re8+ Kh7 0-1

[Event "Titled Tue 20th May Early"]
[Site "chess.com INT"]
[Date "2025.05.20"]
[Round "8"]
[White "Shevchenko, Yaroslav"]
[Black "Emeliantsev, Anatoliy"]
[Result "0-1"]
[BlackTitle "FM"]
[WhiteElo "2137"]
[BlackElo "2359"]
[WhiteFideId "34144684"]
[BlackFideId "4160681"]
[EventDate "2025.05.20"]

1. e4 c5 2. Nf3 Nc6 3. Bb5 e6 4. Bxc6 bxc6 5. O-O Ne7 6. e5 Ng6 7. Re1 Be7 8. d4
cxd4 9. Qxd4 c5 10. Qe4 Rb8 11. c4 Bb7 12. Qd3 O-O 13. Nc3 f6 14. exf6 Rxf6 15.
Ne4 Rf5 16. Bd2 Qc7 17. Rad1 Bc6 18. b3 Rbf8 19. Re2 Rxf3 20. gxf3 Ne5 21. Qe3
Nxf3+ 22. Kf1 Qxh2 0-1

[Event "Titled Tue 20th May Early"]
[Site "chess.com INT"]
[Date "2025.05.20"]
[Round "8"]
[White "Starosta, Martyna"]
[Black "Aarit Kapil"]
[Result "1-0"]
[WhiteTitle "WFM"]
[BlackTitle "CM"]
[WhiteElo "2182"]
[BlackElo "2098"]
[WhiteFideId "21818754"]
[BlackFideId "33408947"]
[EventDate "2025.05.20"]

1. e4 e6 2. d4 Ke7 3. Nf3 f6 4. e5 d6 5. exf6+ Nxf6 6. Bd3 Qe8 7. O-O Qh5 8. Nc3
Nc6 9. Ne2 Nb4 10. Nf4 Qe8 11. Re1 Rg8 12. Ng5 Nxd3 13. Qxd3 Kd8 14. Ngxe6+ Bxe6
15. Nxe6+ Kc8 16. Bg5 Qd7 17. d5 b6 18. Qa6+ Kb8 19. Bxf6 gxf6 20. Nd4 c5 21.
dxc6 Rxg2+ 22. Kxg2 Qg4+ 23. Kh1 Qxd4 1-0

[Event "Titled Tue 20th May Early"]
[Site "chess.com INT"]
[Date "2025.05.20"]
[Round "8"]
[White "Deboushnik De"]
[Black "Ebrahimi Herab, Hamidreza"]
[Result "0-1"]
[BlackTitle "FM"]
[WhiteElo "2207"]
[BlackElo "2404"]
[WhiteFideId "25768778"]
[BlackFideId "22512888"]
[EventDate "2025.05.20"]

1. e4 c5 2. Nf3 e6 3. d4 cxd4 4. Nxd4 Nf6 5. Nc3 Nc6 6. Ndb5 Bc5 7. Bf4 O-O 8.
Bc7 Qe7 9. Bd6 Bxd6 10. Qxd6 Qd8 11. O-O-O a6 12. Nd4 Na5 13. Nb3 b5 14. e5 Ne8
15. Qc5 Bb7 16. Bd3 Nxb3+ 17. axb3 f5 18. exf6 Nxf6 19. Qd6 Rc8 20. f3 Rc6 21.
Qd4 Qc7 22. Qh4 Rc8 23. Rd2 h6 24. Re1 Qa5 25. Kb1 Rxc3 26. bxc3 Nd5 27. Kb2
Qxc3+ 28. Kc1 Qa1# 0-1

[Event "Titled Tue 20th May Early"]
[Site "chess.com INT"]
[Date "2025.05.20"]
[Round "8"]
[White "Shimanov, Aleksandr"]
[Black "Carlsson, Ludvig"]
[Result "1-0"]
[WhiteTitle "GM"]
[BlackTitle "IM"]
[WhiteElo "2578"]
[BlackElo "2374"]
[WhiteFideId "4198603"]
[BlackFideId "1727010"]
[EventDate "2025.05.20"]

1. b3 d5 2. Bb2 c5 3. e3 Nf6 4. Nf3 g6 5. Bb5+ Bd7 6. Bxf6 exf6 7. Bxd7+ Qxd7 8.
d4 Na6 9. O-O Bd6 10. Nc3 Rd8 11. Qe2 Nc7 12. Rad1 O-O 13. dxc5 Bxc5 14. Rd3 Qc6
15. Rfd1 Qa6 16. Kf1 Bb4 17. a4 Bxc3 18. Rxc3 Qa5 19. Rcd3 Rc8 20. g3 Rfe8 21.
Kg2 Qa6 22. Qd2 Qb6 23. Ng1 Qe6 24. Ne2 Qe4+ 25. Kg1 Ne6 26. Nc3 Rxc3 27. Qxc3
Ng5 28. Qxf6 Nf3+ 29. Kf1 Nxh2+ 30. Ke2 Qg4+ 31. Kd2 d4 32. Kc1 Nf3 33. exd4 Re2
34. Qxf3 Qc8 35. Qxe2 1-0

[Event "Titled Tue 20th May Early"]
[Site "chess.com INT"]
[Date "2025.05.20"]
[Round "8"]
[White "Modric, Nesa"]
[Black "Zmijanac, Dusko"]
[Result "0-1"]
[WhiteTitle "CM"]
[BlackTitle "FM"]
[WhiteElo "2088"]
[BlackElo "1977"]
[WhiteFideId "922579"]
[BlackFideId "908762"]
[EventDate "2025.05.20"]

1. d4 c5 2. d5 Nf6 3. Bg5 Qb6 4. Bxf6 Qxf6 5. Nc3 d6 6. e4 a6 7. a4 g6 8. Nf3
Bg7 9. Be2 O-O 10. O-O Nd7 11. h3 Ne5 12. Nd2 g5 13. Nc4 Ng6 14. Bg4 Nf4 15. Nb6
Bxg4 16. Qxg4 h5 17. Qf3 Rad8 18. Nc4 Qg6 19. Rfe1 Bd4 20. Ne2 Nxe2+ 21. Rxe2 f5
22. exf5 Rxf5 23. Qe4 Rdf8 24. c3 Be5 25. Nxe5 dxe5 26. Rae1 g4 27. h4 Qf6 28.
g3 Rxf2 29. Qxe5 Rf1+ 30. Kg2 Qxe5 31. Rxe5 R8f2# 0-1

[Event "Titled Tue 20th May Early"]
[Site "chess.com INT"]
[Date "2025.05.20"]
[Round "8"]
[White "Gasparyan, Erik R."]
[Black "Eswaran, Ashritha"]
[Result "1-0"]
[WhiteTitle "IM"]
[BlackTitle "FM"]
[WhiteElo "2372"]
[BlackElo "2236"]
[WhiteFideId "13315730"]
[BlackFideId "2080788"]
[EventDate "2025.05.20"]

1. b3 d5 2. Bb2 c6 3. Nf3 Bf5 4. e3 e6 5. Be2 h6 6. c4 Nf6 7. O-O Be7 8. Nc3 O-O
9. Rc1 Nbd7 10. Re1 Bh7 11. h3 Rc8 12. d3 Qc7 13. Qd2 Rfd8 14. Red1 Qb8 15. Qe1
b5 16. cxb5 cxb5 17. d4 b4 18. Na4 a5 19. Ba6 Rxc1 20. Rxc1 Qa7 21. Qe2 Ra8 22.
Bd3 Bxd3 23. Qxd3 Ne4 24. Nd2 Nd6 25. Rc6 Rc8 26. Rxc8+ Nxc8 27. e4 dxe4 28.
Nxe4 Qb7 29. Nec5 Qd5 30. Qa6 Nd6 31. Nxd7 Nf5 32. Ndb6 Qe4 33. Qa8+ Qxa8 34.
Nxa8 Bf6 35. N8b6 Nxd4 36. Bxd4 Bxd4 37. Nc4 Kf8 38. Nxa5 Ke7 39. Nc6+ 1-0

[Event "Titled Tue 20th May Early"]
[Site "chess.com INT"]
[Date "2025.05.20"]
[Round "8"]
[White "Omariev, Maksim"]
[Black "Sharshenbekov, Emir"]
[Result "1-0"]
[WhiteTitle "FM"]
[BlackTitle "CM"]
[WhiteElo "2304"]
[BlackElo "2091"]
[WhiteFideId "4193423"]
[BlackFideId "13810634"]
[EventDate "2025.05.20"]

1. b3 e5 2. Bb2 Nc6 3. c4 g6 4. g3 Bg7 5. Bg2 Nge7 6. Nc3 O-O 7. e3 f5 8. Nge2
g5 9. h4 f4 10. gxf4 gxf4 11. Be4 d6 12. Qc2 Bf5 13. O-O-O Nb4 14. Qb1 Bxe4 15.
Nxe4 h6 16. a3 Nbc6 17. Rdg1 d5 18. Nc5 Qd6 19. Nxb7 Qe6 20. Nxf4 Rxf4 21. exf4
dxc4 22. Nc5 Qd5 23. Ne4 cxb3 24. Nf6+ 1-0

[Event "Titled Tue 20th May Early"]
[Site "chess.com INT"]
[Date "2025.05.20"]
[Round "8"]
[White "Le, Tuan Minh"]
[Black "Rahman, Masruri"]
[Result "1-0"]
[WhiteTitle "GM"]
[BlackTitle "FM"]
[WhiteElo "2598"]
[BlackElo "2407"]
[WhiteFideId "12401153"]
[BlackFideId "7101163"]
[EventDate "2025.05.20"]

1. d4 e6 2. Nf3 Nf6 3. Bf4 b6 4. e3 Bb7 5. Bd3 d6 6. h3 g6 7. Bh2 Bg7 8. O-O O-O
9. c4 Nbd7 10. Nc3 Re8 11. Rc1 a6 12. Be2 e5 13. dxe5 dxe5 14. Qc2 Qe7 15. Rfd1
a5 16. Nd5 Nxd5 17. cxd5 Nc5 18. Bb5 Red8 19. e4 Bh6 20. Nxe5 Bxc1 21. Rxc1 f6
22. Nc6 Bxc6 23. Bxc6 Rac8 24. Re1 Qf7 25. Bg3 Nd7 26. Bb7 Ra8 27. Bxa8 Rxa8 28.
Qxc7 1-0